Anadolu ve dünya bilgesi Nasrettin Hoca / (Kayıt no. 10086)

MARC ayrıntıları
000 -BAŞLIK
Sabit Uzunluktaki Kontrol Alanı 00591 a2200193 4500
003 - KONTROL NUMARASI KİMLİĞİ
Kontrol Alanı
005 - EN SON İŞLEM TARİHİ ve ZAMANI
Kontrol Alanı 20260330114902.0
008 - SABİT UZUNLUKTAKİ VERİ ÖGELERİ - GENEL BİLGİ
Sabit Alan 260330b tu ||||| |||| 00| 0 tur d
020 ## - ISBN - ULUSLARARASI STANDART KİTAP NUMARASI
Isbn 9786055142018
040 ## - KATALOGLAMA KAYNAĞI
Özgün Kataloglama Kurumu TR-AnABB
Kataloglama Dili tur
Çeviri Kurumu TR-AnABB
041 ## - DİL KODU
Metin ya da ses kaydının dil kodu tur
082 ## - DEWEY ONU SINIFLAMA SİSTEMİ
Sınıflama Numarası 398.5
Cutter numarası OZß 2013
100 1# - KİŞİ ADI
Yazar Adı (Kişi adı)
245 10 - ESER ADI BİLDİRİMİ
Başlık
Sorumluluk Bildirimi
260 ## - YAYIN, DAĞITIM, VB.
Yayın Yeri
Yayınevi
Yayın Tarihi 2013
300 ## - FİZİKSEL TANIMLAMA
Sayfa, Cilt vb. 192 sayfa ;
Boyutları 20 cm
650 04 - KONU BAŞLIĞI EK GİRİŞ - KONU TERİMİ
Konusal terim veya coğrafi ad
942 ## - EK GİRİŞ ÖGELERİ (KOHA)
Sınıflama Kaynağı Dewey Decimal Classification
Materyal Türü Kitap
900 ## - YEREL BİLGİ
Kontrol
Mevcut
Geri Çekilme Durumu Kayıp Durumu Sınıflandırma Kaynağı Kredi için değil Kalıcı Konum Mevcut Konum Kayıt Tarih Toplam Ödünçverme Yer Numarası Demirbaş Numarası Son Görülme Tarihi Fatura Tarihi Materyal Türü
    Dewey Decimal Classification   Prof. Dr. Ruşen Keleş Kütüphanesi Prof. Dr. Ruşen Keleş Kütüphanesi 30/03/2026   398.5 OZC 2013 RK1103 30/03/2026 30/03/2026 Kitap